Word Ladder: 'The Weeknd' Hit Quiz Stats

Quiz Updated Apr 22, 2016

Challenge
Share
Tweet
Embed
Score 0/15 Timer 01:30
0 Plays Today
Hint 4-Letter Word % Correct
24 inches = 2 ____FEET
95.8%
1/100th of a dollarCENT
95.2%
Opposite of realFAKE
93.8%
Superman's partner: Lois ____LANE
92.6%
TrippedFELL
92.5%
Put dirt into a holeFILL
92.3%
Smooth a fingernailFILE
92.1%
It connects two pointsLINE
91.7%
Hint 4-Letter Word % Correct
2015 hit song by The Weeknd: '[Rung 1] [Rung 5] My [Rung 15]'⭐FEEL⭐
91.1%
Stephen King novel: 'The Green ____'MILE
90.9%
2015 hit song by The Weeknd: '[Rung 1] [Rung 5] My [Rung 15]'⭐CANT⭐
90.8%
Where minerals are collectedMINE
89.9%
Erie or Victoria, e. g.LAKE
89.5%
Cloth remnantFENT
83.7%
2015 hit song by The Weeknd: '[Rung 1] [Rung 5] My [Rung 15]'⭐FACE⭐
65%

Today's Daily Dose

You're not logged in!

Compare scores with friends on all Sporcle quizzes.
Sign Up with Email
OR
Log In

You Might Also Like...

Show Comments

Extras

Top Quizzes Today


Score Distribution

Your Account Isn't Verified!

In order to create a playlist on Sporcle, you need to verify the email address you used during registration. Go to your Sporcle Settings to finish the process.